Cultura y espíritu. Libro de lectura para grado superior.

Saved in:
Bibliographic Details
Main Author: Hernández Ruiz, Santiago
Format: Book
Language:Spanish
Published: México, D. F. Fernández Editores, S. A. 1968
Edition:12a. ed.
Textbook Catalogue:MANES:  Library Catalog Search Result
Textbook Classification:
Tags: Add Tag
No Tags, Be the first to tag this record!
Added to:2018-08-25
Changed in:2019-04-29

MARC

LEADER 00000nam a22000007a 4500
005 20190429105152.0
008 180826b xxu||||| |||| 00| 0 spa d
040 |a centro_manes   |c universidad_colima 
100 |9 22244  |a Hernández Ruiz, Santiago 
245 |a Cultura y espíritu. Libro de lectura para grado superior. 
250 |a 12a. ed. 
260 |a México, D. F.  |b Fernández Editores, S. A.   |c 1968 
300 |a 336-104 p.  |c 22 cm.  |e Ils. 
500 |a (Serie Continental de Libros Escolares)  |a Aparece: Francisco Ziga, "Bibliografía Pedagógica. Libros de texto para enseñanza primaria:1850-1970 V. Libros de Lectura" en Boletín del Instituto de Investigaciones Bibliográficas 1981-1982, Biblioteca Nacional, Hemeroteca Nacional, Universidad Nacional Autónoma de México, Nos. 18 – 19, p. 160. 
691 0 |a PRI 
690 0 |a EyL 
942 |2 ddc  |c BK 
999 |c 51449  |d 51449 
999 |c manes:51449  |d 51449